1308 1181 1908 1335 1707 1615 1295 1905 1926 1117 1891 1412 1548 1428 1392 1108 1632 1502 1513 1578 1643 1734 1501 1816 1799 1407 1959 1270 1321 1952 1283 1415 1348 1454 1754 1081 1225 1335 1454 1153 1083 1944 1378 1549 1912 1414 1561 1110 1745 1771 1597 1895 1669 1549 1380 1376 1261 1507 1533 1339 1557 1640 1582 1026 1314 1826 1650 1734 1950 1441 1985 1794 1136 1886 1357 1113 1979 1030 1503 1887 1855 1730 1432 1823 1747 1712 1080 1978 1806 1886 1089 1076 1752 1628 1163 1072 1226 1522 1265 BCNSPRNW ULIB Ver.6.0+V

เปลี่ยนเป็นภาษาไทย

Change to English
 แสดงรายละเอียดบรรณานุกรม
  กลับหน้าหลัก

Brief Record : Get Marc (ISO 2709) : E-mail record : QR code < ปิดหน้าต่าง
LEADER : 00000nam 2200000uu 4500
001    13399108210
003     ULIB
008    110221s2544||||th 000 0 tha d
020    9745742503
060 04 WY159^bน276ก 2544
100 0  นฤมล ธีระรังสิกุล
245 10 การพยาบาลทารกคลอดก่อนกำหนด /^cนฤมล ธีระรังสิกุล
250     พิมพ์ครั้งที่ 2 (ปรับปรุง)
260    ชลบุรี :^bภาควิชาการพยาบาลแม่และเด็ก คณะพยาบาลศาสตร์มหาวิทยาลัยบูรพา,^c2544
300    ฉ, 142 หน้า :^bภาพประกอบ ;^c26 ซม.
440    โครงการตำราคณะพยาบาลศาสตร์ มหาวิทยาลัยบูรพา
536    ได้รับทุนสนับสนุนจาก โครงการตำราคณะพยาบาลศาสตร์มหาวิทยาลัยบูรพา
650  7 การพยาบาล
650  7 ทารกคลอดก่อนกำหนด
710 2  มหาวิทยาลัยบูรพา. ^bคณะพยาบาลศาสตร์.^bภาควิชาการพยาบาลแม่และเด็ก
945    ^p150^l0^i014835
945    ^p150^l0^i014834
945    ^p150^l0^i014833
945    ^p150^l0^i014831
945    ^p150^l0^i014830
945    ^p150^l0^i014829
945    ^p150^l0^i014828
945    ^p150^l0^i015145
945    ^p150^l0^i014832
945    ^p150^l0^i014827
995    เกษร
999 ^a ใช้งานได้ทุกระบบ
รายการนี้ยังไม่มีแท็ก
คุณยังไม่ได้ล็อกอิน คุณสามารถมีกิจกรรมร่วมกับเว็บไซต์ได้ แต่ต้องล็อกอินก่อน ::
  ล็อกอิน

รายการสื่อสารสนเทศ

ลำดับที่ ประเภท เลขเรียก/บาร์โค้ด สถานที่ สถานะ
- ไม่พบข้อมูล -

รายการใกล้เคียง
    ผู้แต่ง [นฤมล ธีระรังสิกุล]

    หัวเรื่อง [การพยาบาล]
    หัวเรื่อง [ทารกคลอดก่อนกำหนด]

BibComment


ยังไม่เคยถูกคอมเมนท์

คอมเมนท์ทรัพยากรรายการนี้
  คอมเมนท์: การพยาบาลทารกคลอด..


 Copyright 2026. Bcnsprnw @Library